Maternity homes for unmarried mothers; (Record no. 36522)
[ view plain ]
| 000 -LEADER | |
|---|---|
| fixed length control field | 01128cam a22002891 4500 |
| 001 - CONTROL NUMBER | |
| control field | l 46000041 |
| 003 - CONTROL NUMBER IDENTIFIER | |
| control field | DLC |
| 005 - DATE AND TIME OF LATEST TRANSACTION | |
| control field | 20260227111539.0 |
| 008 - FIXED-LENGTH DATA ELEMENTS--GENERAL INFORMATION | |
| fixed length control field | 840123s1946 dcua f000 0 eng c |
| 010 ## - LIBRARY OF CONGRESS CONTROL NUMBER | |
| LC control number | l 46000041 |
| 035 ## - SYSTEM CONTROL NUMBER | |
| System control number | (OCoLC)10326532 |
| 040 ## - CATALOGING SOURCE | |
| Original cataloging agency | U.S. Dept. of Labor Libr. |
| Transcribing agency | NBuU |
| Modifying agency | MdU-H |
| -- | DLC |
| 042 ## - AUTHENTICATION CODE | |
| Authentication code | premarc |
| 050 00 - LIBRARY OF CONGRESS CALL NUMBER | |
| Classification number | HQ314 |
| Item number | .M65 |
| 082 ## - DEWEY DECIMAL CLASSIFICATION NUMBER | |
| Classification number | 362.8 |
| 100 1# - MAIN ENTRY--PERSONAL NAME | |
| Personal name | Morlock, Maud. |
| 245 10 - TITLE STATEMENT | |
| Title | Maternity homes for unmarried mothers; |
| Remainder of title | a community service, |
| Statement of responsibility, etc. | by Maud Morlock and Hilary Campbell. |
| 260 ## - PUBLICATION, DISTRIBUTION, ETC. | |
| Place of publication, distribution, etc. | [Washington, |
| Name of publisher, distributor, etc. | U.S. Govt. Print. Off.] |
| Date of publication, distribution, etc. | 1946. |
| 300 ## - PHYSICAL DESCRIPTION | |
| Extent | 1 p. l., 94 p. |
| Other physical details | illus. |
| Dimensions | 23 cm. |
| 490 0# - SERIES STATEMENT | |
| Series statement | United States. Children's Bureau. Publication |
| Volume/sequential designation | 309 |
| 500 ## - GENERAL NOTE | |
| General note | "'Health and medical services' [section 4] was prepared by Barbara A. Hewell, M.D. ... in cooperation with John L. Parks, M.D. ... and Marjorie M. Heseltine."--Verso of t.-p. |
| 650 #0 - SUBJECT ADDED ENTRY--TOPICAL TERM | |
| Topical term or geographic name entry element | Unmarried mothers |
| General subdivision | Services for |
| Geographic subdivision | United States. |
| 650 #0 - SUBJECT ADDED ENTRY--TOPICAL TERM | |
| Topical term or geographic name entry element | Maternity homes |
| Geographic subdivision | United States. |
| 700 1# - ADDED ENTRY--PERSONAL NAME | |
| Personal name | Campbell, Hilary, |
| Titles and other words associated with a name | Miss. |
| 700 1# - ADDED ENTRY--PERSONAL NAME | |
| Personal name | Hewell, Barbara |
| Fuller form of name | (Barbara Ann), |
| Dates associated with a name | 1903- |
| 740 0# - ADDED ENTRY--UNCONTROLLED RELATED/ANALYTICAL TITLE | |
| Uncontrolled related/analytical title | Unmarried mothers. |
No items available.